000 00456pam a2200169 a 4500
020 _a0801614058
040 _cDLC
082 0 0 _a610 MOS 1990 A056 Or.
100 1 _aCanobbio, Mary M.
245 1 0 _aCardiovascular disorders /
260 _aSaint Louis :
_bMosby,
_c1990.
300 _aix, 310 p. :
_bill. (some col.) ;
_c29 cm.
650 0 _aCardiovascular system
650 2 _aCardiovascular Diseases
650 2 _aCardiovascular Diseases
942 _cEK
999 _c15779
_d15779